Spectra and pseudospectra: the behaviour of nonnormal matrices and operators (Record no. 754919)

MARC details
000 -LEADER
fixed length control field 00508nam a22001697a 4500
020 ## - INTERNATIONAL STANDARD BOOK NUMBER
ISBN 9780691119465
100 ## - MAIN ENTRY--AUTHOR NAME
Personal name Trefethen, Llyod N
245 ## - TITLE STATEMENT
Title Spectra and pseudospectra: the behaviour of nonnormal matrices and operators
260 ## - PUBLICATION, DISTRIBUTION, ETC. (IMPRINT)
Place of publication New Jersey
Name of publisher Princeton university press
Year of publication 2005
300 ## - PHYSICAL DESCRIPTION
Number of Pages xvii+606
650 ## - SUBJECT ADDED ENTRY--TOPICAL TERM
Topical Term Eigenvalues
650 ## - SUBJECT ADDED ENTRY--TOPICAL TERM
Topical Term Spectrum analysis
650 ## - SUBJECT ADDED ENTRY--TOPICAL TERM
Topical Term Differential operators
700 ## - ADDED ENTRY--PERSONAL NAME
Personal name Embree, Mark
942 ## - ADDED ENTRY ELEMENTS (KOHA)
Source of classification or shelving scheme Dewey Decimal Classification
Koha item type Book
Holdings
Withdrawn status Lost status Source of classification or shelving scheme Damaged status Not for loan Collection code Home Library Current Location Shelving location Date acquired Source of acquisition Cost, normal purchase price Full call number Accession Number Price effective from Koha item type
    Dewey Decimal Classification     Gift or donation Dept. of Mathematics Dept. of Mathematics General Stacks 08/01/2026 Donated by Dr. Krishna Kumar G on the completion of SERB sponsored project (UO. No: Ad.F1/1373/2021 dated 22/01/2024) 9416.00 530.15 TRE-S MATG228 09/01/2026 Book